000 00396nam a2200169Ia 4500
008 230524s9999 xx 000 0 und d
020 _a8185623759
082 _a621.382
_bCON
100 _aJames L. Conger
245 0 _aWindows API Bible
250 _a1ST
260 _aNEW DELHI
_bGalgotia
_c1998
300 _aXIV;1014
500 _aQuantity Number: 4
650 _aComp-Sc
942 _cBK
999 _c26240
_d26240